000 01057nam a22001937a 4500
999 _c59416
_d59416
003 Ge_BSU
005 20230214115554.0
008 230214s2001 ge ||||| |||| 00| 0 geo d
020 _a9992884460
041 _ageo
080 _a346.26(479.22)(094.5) ჯ-23
100 _aჯანხოთელი, შორენა
_916904
245 _a"მეწარმეთა შესახებ" საქართველოს კანონის ზოგადი ნაწილი კითხვა-პასუხებში :
_b[იურიდ. ფაკ. სტუდ.] /
_cშორენა ჯანხოთელი ; რედაქტორი ლალი ლაზარაშვილი.
264 _aთბილისი :
_bბონა-კაუზა,
_c2001.
300 _a101 გვ. ;
_b20 სმ.
653 _aსაქართველოს სამეწარმეო სამართალი
700 _aლაზარაშვილი, ლალი
_eრედაქტორი
_916905
942 _2udc
_cBK